Ashanti to Zulu : (Record no. 153)

MARC details
000 -LEADER
fixed length control field 01010cam a2200325Ia 4500
003 - CONTROL NUMBER IDENTIFIER
control field data
005 - DATE AND TIME OF LATEST TRANSACTION
control field 20260322212008.0
008 - FIXED-LENGTH DATA ELEMENTS--GENERAL INFORMATION
fixed length control field data
020 ## - INTERNATIONAL STANDARD BOOK NUMBER
International Standard Book Number 0803703082
020 ## - INTERNATIONAL STANDARD BOOK NUMBER
International Standard Book Number 9780803703087
040 ## - CATALOGING SOURCE
Original cataloging agency IKP
Transcribing agency IKP
Modifying agency NZLPP
-- OCLCQ
-- XY4
-- NZLPP
043 ## - GEOGRAPHIC AREA CODE
Geographic area code f------
050 #4 - LIBRARY OF CONGRESS CALL NUMBER
Classification number GN645
Item number .M87 1980
082 04 - DEWEY DECIMAL CLASSIFICATION NUMBER
Classification number 916
Item number Mu
082 04 - DEWEY DECIMAL CLASSIFICATION NUMBER
Classification number 960
Edition information 20
092 ## - LOCALLY ASSIGNED DEWEY CALL NUMBER (OCLC)
Classification number 960 M87 1980
001 - CONTROL NUMBER
control field data
100 1# - MAIN ENTRY--PERSONAL NAME
Personal name Musgrove, Margaret.
245 10 - TITLE STATEMENT
Title Ashanti to Zulu :
Remainder of title African traditions /
Statement of responsibility, etc. Margaret Musgrove, Leo Dillon & Diane Dillon.
260 ## - PUBLICATION, DISTRIBUTION, ETC.
Place of publication, distribution, etc. New York :
Name of publisher, distributor, etc. Dial Books for Young Readers,
Date of publication, distribution, etc. 1980, c1976.
300 ## - PHYSICAL DESCRIPTION
Extent [32] p. :
Other physical details chiefly col. ill. ;
Dimensions 27 cm.
500 ## - GENERAL NOTE
General note A Pied Piper book.
520 ## - SUMMARY, ETC.
Summary, etc. Explains some traditions and customs of 26 African tribes beginning with letters from A to Z.
650 #0 - SUBJECT ADDED ENTRY--TOPICAL TERM
Topical term or geographic name entry element Ethnology
Geographic subdivision Africa
Form subdivision Juvenile literature.
650 #0 - SUBJECT ADDED ENTRY--TOPICAL TERM
Topical term or geographic name entry element Ethnology
Geographic subdivision Africa.
650 #0 - SUBJECT ADDED ENTRY--TOPICAL TERM
Topical term or geographic name entry element Alphabet.
651 #0 - SUBJECT ADDED ENTRY--GEOGRAPHIC NAME
Geographic name Africa
General subdivision Social life and customs.
700 1# - ADDED ENTRY--PERSONAL NAME
Personal name Dillon, Leo.
700 1# - ADDED ENTRY--PERSONAL NAME
Personal name Dillon, Diane.
Holdings
Withdrawn status Lost status Damaged status Not for loan Home library Current library Shelving location Date acquired Total checkouts Full call number Barcode Date last seen Price effective from Koha item type
        Centerville Centerville General stacks 22/03/2026   916 Mu BC0010157 22/03/2026 22/03/2026 Books